000 00645nam a2200217Ia 4500
003 OSt
005 20220926013428.0
006 a|||||r|||| 00| 0
007 ta
008 220923b |||||||| |||| 00| 0 eng d
037 _cGeneral Book
040 _aRTL
_cRTL
_beng
041 _2eng
_aeng
082 _aY:1.236.M, K5;1
100 _aMajmudar M R
_9243224
245 0 _aCultural history of Gujarat from early times to Pre-British Period
260 _aNew York
_bHumanities Press USA
_c1965
300 _axxxiii,364p 88 plates
_ccm.
942 _hY:1.236.M, K5;1
_cGB
_2CC
999 _c625935
_d625935